English syntactic structures: functions and categories in sentence analysis
I tiakina i:
| Ngā kaituhi matua: | , |
|---|---|
| Hōputu: | Pukapuka |
| Reo: | Ingarihi |
| I whakaputaina: |
Oxford
Pergamon Press
1982
|
| Putanga: | 1a. ed |
| Rangatū: | Language Courses
|
| Ngā marau: | |
| Ngā Tūtohu: |
Tāpirihia he Tūtohu
Kāore He Tūtohu, Me noho koe te mea tuatahi ki te tūtohu i tēnei pūkete!
|
MARC
| LEADER | 00000cam a2200000 a 4500 | ||
|---|---|---|---|
| 001 | UCG8431 | ||
| 003 | CL-VaPUC | ||
| 008 | 111212e19820000UK |||||||||||||||||eng|d | ||
| 020 | |a 0080286348 | ||
| 082 | 0 | 4 | |a 425 |b AAR |2 21 |
| 100 | 0 | |a Aarts, Flor |e author |9 559475 | |
| 700 | 0 | |a Aarts, Jan |e author |9 559476 | |
| 245 | 1 | 0 | |a English syntactic structures: functions and categories in sentence analysis |
| 250 | |a 1a. ed | ||
| 300 | |a 189 p | ||
| 942 | |c BK | ||
| 945 | |d 20111212 00:00:00 |a cmena | ||
| 260 | |a Oxford |b Pergamon Press |c 1982 | ||
| 650 | 0 | |a Lengua inglesa |9 318842 | |
| 650 | 0 | |a Gramática inglesa |9 392981 | |
| 650 | 0 | |a Sintaxis |9 318843 | |
| 583 | |a last modification |c 20111212 13:13:00 |k Rodrigo Vera | ||
| 490 | 0 | |a Language Courses | |
| 999 | |c 346041 |d 346039 | ||
| 952 | |0 0 |1 0 |2 ddc |4 0 |6 425_000000000000000_AAR_1982 |7 0 |8 A |9 446509 |a BIBEDU |b BIBEDU |c GEN |d 2019-11-22 |i 4809459 |l 4 |m 4 |o 425 AAR 1982 |p 4809459 |q 2025-05-06 |r 2025-04-16 |s 2025-04-16 |w 2019-11-22 |y BK |k LIT | ||